MARC

LEADER 00000nam0a2200000 4500
001 372271
005 20231101050126.0
020 |a RU  |b 89-54669 
035 |a (RuTPU)RU\TPU\retro\29692 
035 |a RU\TPU\book\121712 
090 |a 372271 
100 |a 20221214d1989 k y0rusy5003 ca 
101 0 |a rus 
102 |a RU 
105 |a y z 101zy 
200 1 |a Теория атомов и атомных спектров  |e тезисы докладов  |f Томский государственный университет (ТГУ), Сибирский физико-технический институт им. В. Д. Кузнецова (СФТИ) ; Академия наук СССР (АН СССР), Сибирское отделение (СО), Институт оптики атмосферы (ИОА) ; Томский политехнический институт (ТПИ) 
210 |a Томск  |c Изд-во ТГУ  |d 1989 
215 |a 157 с.  |c ил. 
320 |a Библиография в конце докладов. 
320 |a Авт. указ.: с. 154-157. 
610 1 |a теория 
610 1 |a атомные спектры 
610 1 |a атомная физика 
675 |a 539.18(063)  |v 3 
712 0 2 |a Томский государственный университет (ТГУ)  |b Сибирский физико-технический институт им. В. Д. Кузнецова (СФТИ)  |2 stltpush  |3 (RuTPU)RU\TPU\col\861 
712 0 2 |a Академия наук СССР (АН СССР)  |b Сибирское отделение (СО)  |b Институт оптики атмосферы (ИОА)  |c (Томск)  |2 stltpush  |3 (RuTPU)RU\TPU\col\11569 
712 0 2 |a Томский политехнический институт (ТПИ)  |c (1944-1991)  |2 stltpush  |3 (RuTPU)RU\TPU\col\1123 
712 0 2 |a Теория атомов и атомных спектров  |b конференция  |e Томск  |f 1989 
801 0 |a RU  |b RuMRKP  |c 19950417  |g psbo 
801 1 |a RU  |b 63413507  |c 20070329  |g PSBO 
801 2 |a RU  |b 63413507  |c 20230601  |g PSBO 
942 |c BK